| 000 | 02178nam a2200601 i 4500 | ||
|---|---|---|---|
| 001 | 54603 | ||
| 003 | KOSZ 005 | ||
| 005 | 20230208130516.0 | ||
| 008 | 230208s2001 pl a g 000 0 pol | ||
| 015 | _aUWD 2004/21289 | ||
| 020 | _a8371412908 | ||
| 035 | _a991020255699705066 | ||
| 035 | _a(PL-WaBN)b15492941-48omnis_nlop | ||
| 035 | _ab15492941 | ||
| 035 | _a(OCoLC)830400959 | ||
| 035 | _azz2003960465 | ||
| 035 | _a(PL)b0000001549294 | ||
| 035 | _a(EXLNZ-48OMNIS_NETWORK)9910499735005606 | ||
| 040 |
_aWA N _cWA N |
||
| 041 | 1 |
_apol _hfre |
|
| 046 | _k1999 | ||
| 080 | _a811.111'374 | ||
| 080 | _a811.162.1'374 | ||
| 100 | 1 |
_aFromonot, Jacqueline _eAutor |
|
| 245 | 1 | 0 |
_aAngielski współczesny słownik tematyczny / _cJacqueline Fromonot, Isabelle Leguy, Gilbert Fontane ; [tłumaczenie] Piotr Budkiewicz [et al.] ; Le Robert & Nathan. |
| 246 | 1 |
_iTytuł oryinału: _aRobert & Nathan - l'anglais contemporain |
|
| 260 |
_aWarszawa : _b"Rea", _ccopyright 2001. |
||
| 300 |
_a426, [2] stron : _bilustracje kolorowe ; _c25 cm. |
||
| 336 |
_aTekst _btxt _2rdacontent |
||
| 337 |
_aBez urządzenia pośredniczącego _bn _2rdamedia |
||
| 338 |
_aWolumin _bnc _2rdacarrier |
||
| 380 | _aKsiążki | ||
| 380 | _aPublikacje informacyjne | ||
| 388 | 1 | _a1901-2000 | |
| 388 | 1 | _a1989-2000 | |
| 388 | 1 | _a2001- | |
| 500 | _aTytuł oryginału: "Le Robert & Nathan - l'anglais contemporain" 1999. | ||
| 504 | _aBibliografia na stronie [428]. | ||
| 650 | 7 | _aJęzyk angielski | |
| 655 | 7 |
_aSłownik angielsko-polski _2DBN |
|
| 658 | _aJęzykoznawstwo | ||
| 700 | 1 |
_aFontane, Gilbert _eAutor |
|
| 700 | 1 |
_aLeguy, Isabelle _eAutor |
|
| 700 | 1 |
_aBudkiewicz, Piotr _eTłumaczenie |
|
| 700 | 1 |
_aDziemińska-Skowron, Beata _eTłumaczenie |
|
| 700 | 1 |
_aKrawczyk, Jerzy _eTłumaczenie |
|
| 700 | 1 |
_aRorbach, Urszula _eTłumaczenie |
|
| 700 | 1 |
_aWrażeń, Katarzyna _eTłumaczenie |
|
| 710 | 2 |
_aWydawnictwo Rea _4pbl |
|
| 856 |
_uhttp://koha.tu.koszalin.pl/cgi-bin/koha/opac-detail.pl?biblionumber=54603 _yKatalog online BPK |
||
| 942 |
_2UKD _cKS |
||
| 999 |
_c54603 _d54603 |
||